Fundamentals of Electrical Engineering & Electronics (Record no. 1910)

MARC details
000 -LEADER
fixed length control field 00382nam a2200145Ia 4500
008 - FIXED-LENGTH DATA ELEMENTS--GENERAL INFORMATION
fixed length control field 221030s9999 xx 000 0 und d
041 ## - LANGUAGE CODE
Language code of text/sound track or separate title
082 ## - DEWEY DECIMAL CLASSIFICATION NUMBER
Classification number 105.23
Item number Sah
100 ## - MAIN ENTRY--AUTHOR NAME
Personal name S. K. Sahdev
245 #0 - TITLE STATEMENT
Title Fundamentals of Electrical Engineering & Electronics
Statement of responsibility, etc by S. K. Sahdev
260 ## - PUBLICATION, DISTRIBUTION, ETC. (IMPRINT)
Name of publisher Dhanpat Rai Pub
Place of publication India
Year of publication 2002
300 ## - PHYSICAL DESCRIPTION
Number of Pages 453
650 ## - SUBJECT ADDED ENTRY--TOPICAL TERM
Topical Term ECE & EE
942 ## - ADDED ENTRY ELEMENTS (KOHA)
Koha item type Books
Holdings
Accession Number Cost, normal purchase price Full call number Price effective from Koha item type Withdrawn / writtenoff status Materials specified (bound volume or other part) Damaged status Not for loan Permanent Location Current Location Shelving location Date acquired Lost/ Missing status department
BE 5320 170.00 105.23 Sah 10/30/2022 Books   Print     MIET Library, Jammu MIET Library, Jammu BL-Academic Block A, FL-1, CUP-30, SH-5, R-5 06/06/2002   BE
BE 5322 170.00 105.23 Sah 10/30/2022 Books   Print     MIET Library, Jammu MIET Library, Jammu BL-Academic Block A, FL-1, CUP-30, SH-4, R-4 06/06/2002   BE
BE 5323 170.00 105.23 Sah 10/30/2022 Books   Print     MIET Library, Jammu MIET Library, Jammu BL-Academic Block A, FL-1, CUP-30, SH-5, R-5 10/27/2005   BE
BE 5324 170.00 105.23 Sah 10/30/2022 Books   Print     MIET Library, Jammu MIET Library, Jammu BL-Academic Block A, FL-1, CUP-30, SH-5, R-5 06/06/2002   BE
BE 5321 170.00 105.23 Sah 10/30/2022 Books   Print     MIET Library, Jammu MIET Library, Jammu BL-Academic Block A, FL-1, CUP-30, SH-5, R-5 06/06/2002   BE